Magia en Chucuito : (Record no. 2127)

000 -CABECERA
fixed length control field 01173nam a22002657a 4500
003 - IDENTIFICADOR DEL NÚMERO DE CONTROL
control field AR-CdUCM
008 - DATOS DE LONGITUD FIJA--INFORMACIÓN GENERAL
fixed length control field 190304b ||||| |||| 00| 0 spa d
040 ## - FUENTE DE LA CATALOGACIÓN
Agencia/entidad que catalogó originalmente la obra MUNICIPALIDAD PROVINCIAL DEL CUSCO
Entidad que transcribió la catalogación BIBLIOTECA MUNICIPAL DEL CUSCO
082 ## - NÚMERO DE LA CLASIFICACIÓN DECIMAL DEWEY
No. de Clasificación 299.8562 /
Notacion interna T85
100 ## - ENTRADA PRINCIPAL--NOMBRE DE PERSONA
Nombre Personal Tschopik, Harry Jr.
245 ## - MENCIÓN DE TÍTULO
Título Magia en Chucuito :
Resto del título los aymara del Perú /
260 ## - PUBLICACIÓN, DISTRIBUCIÓN, ETC.
Lugar de publicación, distribución, etc. México :
Nombre de la editorial, distribuidor, etc. Instituto Indigenista Interamericano,
Fecha de publicación, distribución, etc. 1968.
300 ## - DESCRIPCIÓN FÍSICA
Nº de Páginas Extensión X, 382 páginas ;
Otros detalles físicos Cuadros, mapas, dibujos ;
Dimensiones 21.5 cm.
Material acompañante Láminas.
440 ## - MENCIÓN DE SERIE/PUNTO DE ACCESO ADICIONAL--TÍTULO
Título Ediciones Especiales
Número de la parte/sección de una obra : 50
9 (RLIN) 7672
505 ## - NOTA DE CONTENIDO CON FORMATO
Nota de contenido formateada Contenido: El medio -- La comunidad de Chucuito -- Algunos aspectos de la personalidad aymara -- El patrón integral de la magia -- El mundo sobrenatural -- La magia y el mago -- Ceremonias del mago ...
650 ## - PUNTO DE ACCESO ADICIONAL DE MATERIA--TÉRMINO DE MATERIA
Descriptor Religión aborigen - Aymara - Perú
9 (RLIN) 7673
650 ## - PUNTO DE ACCESO ADICIONAL DE MATERIA--TÉRMINO DE MATERIA
Descriptor Indígenas aymaras - Puno
9 (RLIN) 7674
650 ## - PUNTO DE ACCESO ADICIONAL DE MATERIA--TÉRMINO DE MATERIA
Descriptor Vida y costumbres sociales - Aymara
9 (RLIN) 7675
650 ## - PUNTO DE ACCESO ADICIONAL DE MATERIA--TÉRMINO DE MATERIA
Descriptor Comunidades - Chucuito
9 (RLIN) 7676
650 ## - PUNTO DE ACCESO ADICIONAL DE MATERIA--TÉRMINO DE MATERIA
Descriptor Magia - Mago - aymaras
9 (RLIN) 7677
700 ## - PUNTO DE ACCESO ADICIONAL--NOMBRE DE PERSONA
Nombre Personal Ávalos de Matos, Rosalía (Traductora)
9 (RLIN) 7678
942 ## - ELEMENTOS DE PUNTO DE ACCESO ADICIONAL (KOHA)
Fuente de clasificación
Tipo de item Libros-BMC
945 ## - PROCESAMIENTO DE INFORMACIÓN LOCAL (OCLC)
Catalogador lccs
AAAA-MM-DD - Fecha de ingreso o modificacion 2019-03-04
Holdings
Estado de retiro (separado) Fuente de clasificación o esquema de estanterías Estado dañado Ubicación Sala donde se ubica Nombre de la colección Fecha de adquisición o compra Costo, precio normal en soles Signatura topográfica Código de Barras Última vez visto (Koha) Tipo de ítem (Koha)
No     Sala Humanidades Sala Humanidades Book Cart 2019-03-04 35.00 299.8562 / T85 SH0000002348 2019-03-04 Libros-BMC
No     Sala Humanidades Sala Humanidades Book Cart 2019-04-10 35.00 299.8562 / T85 / e.2 SH0000010362 2019-04-10 Libros-BMC

Powered by Koha